=LDR 00000nam 2200000 4500 =001 INLIS000000000004021 =005 20250618090826 =035 ##$$a 0010-0625000226 =007 ta =008 250618################g##########0#ind## =082 ##$$a 304.66 =084 ##$$a 304.66 BAD p =245 1#$$a Panduan Rakernas Gerakan KB Nasional Tahun 1991 /$c BADAN KOORDINASI KELUARGA BERENCANA NASIONAL =260 ##$$a Jakarta :$b Badan Koordinasi Keluarga Berencana Nasional,$c 1991 =300 ##$$a 23 hlm. =650 #4$$a Gerakan KB =110 2#$$a BADAN KOORDINASI KELUARGA BERENCANA NASIONAL =856 ##$$a Perpustakaan Kemendukbangga